1915 1401 1395 1296 1712 1252 1076 1970 1206 1030 1588 1986 1573 1162 1122 1305 1429 1544 1955 1847 1092 1419 1012 1969 1588 1022 1275 1144 1682 1710 1284 1841 1721 1538 1225 1341 1484 1487 1149 1715 1454 1914 1747 1577 1365 1232 1301 1363 1459 1697 1285 1000 1798 1265 1943 1685 1717 1125 1656 1892 1989 1670 1198 1311 1934 1341 1045 1988 1830 1791 1232 1169 1073 1413 1998 1750 1429 1276 1454 1285 1595 1607 1968 1485 1847 1569 1752 1027 1032 1555 1745 1016 1725 1802 1880 1566 1713 1115 1767 BCNSPRNW ULIB Ver.6.0+V

เปลี่ยนเป็นภาษาไทย

Change to English
 แสดงรายละเอียดบรรณานุกรม
  กลับหน้าหลัก

Brief Record : Get Marc (ISO 2709) : E-mail record : QR code < ปิดหน้าต่าง
LEADER : 00000nam 2200000uu 4500
001    13399128905
003     ULIB
008    241028s2023||||th 000 0 tha d
020    ^a780826167040
060 04 ^aWY18^bG112C
100 1  ^aGaberson, Kathleen B.,^eauthor
245 10 ^aClinical teaching strategies in nursing /^cMarilyn H.Oermann, Teresa Shellenbarger, ANEF, Kathleen B. Gaberson
250    ^a6th ed.
260    ^aNew York, NY :^bSpringer Publishing Company, LLC,^c2023
300    ^axi, 316 pages :^billustrations ;^c26 cm
500    ^aKathleen B. Gaberson s name appears first in the previouseditions
504    ^aIncludes bibliographical references and index
650  0 ^aNursing^xStudy and teaching.
650  2 ^aEducation, Nursing.
650  2 ^aTeaching.
700 1  ^aOermann, Marilyn H.,^eauthor
700 1  ^aShellenbarger, Teresa,^eauthor
945    ^p2805^l0^i011152
999    ^aประนอม เกษจรัล
รายการนี้ยังไม่มีแท็ก
คุณยังไม่ได้ล็อกอิน คุณสามารถมีกิจกรรมร่วมกับเว็บไซต์ได้ แต่ต้องล็อกอินก่อน ::
  ล็อกอิน

รายการสื่อสารสนเทศ

ลำดับที่ ประเภท เลขเรียก/บาร์โค้ด สถานที่ สถานะ
1. Book การพยาบาล
หนังสือสำรอง
สถานะ=หนังสือสำรอง
WY18 G112C ฉ.1 
  Barcode: 011152
ห้องสมุดวิทยาเขตสวรรค์ประชารักษ์
►หนังสือทั่วไป
บนชั้น

รายการใกล้เคียง
    หัวเรื่อง [Nursing Study and teaching.]
    หัวเรื่อง [Teaching.]

BibComment


ยังไม่เคยถูกคอมเมนท์

คอมเมนท์ทรัพยากรรายการนี้
  คอมเมนท์: Clinical teachin..


 Copyright 2026. Bcnsprnw @Library